| 000 | 02228nam0a2200349 4500 | ||
|---|---|---|---|
| 001 | RU\NLR\BIBL_A\022457463 | ||
| 005 | 20260315071932.0 | ||
| 010 |
_a978-5-7481-0564-4 _965 |
||
| 035 | _a(NLR Aleph) 022457463 | ||
| 090 |
_a13632501 _c13632501 |
||
| 100 | _a20250213d2024 u y0rusy50 ca | ||
| 101 | 0 |
_arus _aeng |
|
| 102 | _aRU | ||
| 105 | _ay j 000yy | ||
| 181 | 0 |
_ai _baxxe |
|
| 182 | 0 | _an | |
| 200 | 1 |
_aДеловой английский язык для судовых механиков. Несение вахты в машинном отделении _dBusiness English for marine engineers. Engine room watchkeeping _eучебное пособие для курсантов и студентов судомеханических факультетов морских вузов всех форм обучения _fЛ. Н. Ковтун _gФедеральное агентство по рыболовству, Федеральное государственное бюджетное образовательное учреждение высшего образования "Калининградский государственный технический университет", Балтийская государственная академия рыбопромыслового флота _zeng |
|
| 203 |
_aТекст _bвизуальный _cнепосредственный |
||
| 210 |
_aКалининград _cИзд-во БГАРФ _d2024 |
||
| 215 |
_a109 с. _d21 |
||
| 300 | _aАвт. также на англ. яз.: L. N. Kovtun | ||
| 320 | _aБиблиогр.: с. 109 (6 назв.) | ||
| 510 | 1 |
_6z11790 _aBusiness English for marine engineers. Engine room watchkeeping _zeng |
|
| 517 | 1 | _aНесение вахты в машинном отделении | |
| 606 | 1 |
_aАнглийский язык _xУчебные издания для судовых механиков _92153760 _3RU\NLR\AUTH\661601537 |
|
| 686 | 1 | _aШ143.21-93рус328.76 | |
| 700 | 1 |
_aКовтун _bЛ. Н. _gЛюдмила Николаевна |
|
| 790 | 1 |
_6z11510 _aKovtun _bL. N. _gLjudmila Nikolaevna |
|
| 942 | _cUNSPEC | ||
| 980 | _aNB | ||